[Event "ESP-ch (Women)"]
[Site "Ciudad Real"]
[Date "2007.10.11"]
[Round "5"]
[White "Torrecillas Muelas, Maria del Camino"]
[Black "Rodriguez Lorenzo, Yadira"]
[Result "1/2-1/2"]
[WhiteElo "1707"]
[BlackElo "1905"]
[PlyCount "66"]
[EventDate "2007.10.08"]
[EventType "swiss"]
[EventRounds "7"]
[EventCountry "ESP"]
[SourceTitle "CBM 120 Extra"]
[Source "ChessBase"]
[SourceDate "2007.11.01"]
[SourceVersion "1"]
[SourceVersionDate "2007.11.01"]
[SourceQuality "1"]

1. c4 e5 2. g3 Nc6 3. Bg2 f5 4. Nc3 Nf6 5. d3 Bc5 6. e3 0-0 7. Nge2 Qe8 8. 0-0 a6 9. a3 Be7 10. b4 Bd8 11. Bb2 Ne7 12. Qb3 Qh5 13. h3 d6 14. c5+ Kh8 15. cxd6 cxd6 16. f4 Qg6 17. b5 h5 18. Qb4 Nd7 19. Nd5 Nc5 20. Qc4 axb5 21. Nxe7 Bxe7 22. Qxb5 Bd7 23. Qb4 Nxd3 24. Qxb7 Rfb8 25. Qxd7 Rxb2 26. Qxe7 Rxe2 27. Qh4 Rb8 28. Rab1 Reb2 29. Rxb2 Rxb2 30. fxe5 Nxe5 31. e4 Rb3 32. exf5 Qxg3 33. Qxh5+ Kg8 1/2-1/2

[Event "ESP-ch Student"]
[Site "Cartagena"]
[Date "2007.05.07"]
[Round "1"]
[White "Torrecillas Muelas, Maria del Camino"]
[Black "Eyo Castro Rial, Alberto"]
[Result "0-1"]
[WhiteElo "1699"]
[BlackElo "2176"]
[PlyCount "68"]
[EventDate "2007.05.06"]
[EventType "swiss"]
[EventRounds "9"]
[EventCountry "ESP"]
[SourceTitle "CBM 118 Extra"]
[Source "ChessBase"]
[SourceDate "2007.07.04"]
[SourceVersion "1"]
[SourceVersionDate "2007.07.04"]
[SourceQuality "1"]

1. c4 f5 2. g3 Nf6 3. Bg2 g6 4. Nc3 Bg7 5. d3 0-0 6. e4 fxe4 7. dxe4 d6 8. Nge2 c5 9. 0-0 Nc6 10. h3 Be6 11. Nd5 Nd7 12. Rb1 Nde5 13. b3 Qd7 14. f4 Nf7 15. Kh2 Nfd8 16. Bb2 Bf7 17. Bf3 Ne6 18. Bg4 h5 19. Bf3 Ned4 20. Bg2 Rae8 21. Nxd4 Nxd4 22. Bxd4 cxd4 23. Qd2 Be6 24. Rbe1 Rf7 25. Re2 Ref8 26. Rfe1 h4 27. g4 Bxg4 28. hxg4 Qxg4 29. Qd3 Bh6 30. Bh3 Bxf4+ 31. Nxf4 Qxf4+ 32. Kh1 Qe5 33. Rg1 Rf3 34. Rxg6+ Kh7 0-1